000 00570nam a22001817a 4500
005 20170614113614.0
010 _aENG-118636
020 _a9789383575459
_c795.00
035 _aEN-102168
037 _bDBAD/PUB
082 _a320.40954
100 _aPathak, Guptajit
245 _aIndian government and politics /
_cby Guptajit Pathak
260 _aNew Delhi
_bSSDN Publishers and Distributors
_c2015
270 _a5A, Sahni Mansion, Ansari Road, Daryaganj, New Delhi-110002
300 _aviii,192p
_c23cm.(Hb)
942 _2ddc
_cEN
_h320.40954
_mPAT
999 _c141071
_d141071